102 sự kiện nổi tiếng thế giới.

Shranjeno v:
Bibliografske podrobnosti
Format: Knjiga
Izdano: Văn hoá thông tin 1999
Oznake: Označite
Brez oznak, prvi označite!
Thư viện lưu trữ: Mạng thư viện Đại học Đà Nẵng
LEADER 00512nam a2200217 a 4500
001 000028834
003 6081
005 20171030145630.0
008 171030s1999
020 |c 47000 
040 |a LTT 
082 0 |a 000  |b Mô-T 
245 0 0 |a 102 sự kiện nổi tiếng thế giới. 
260 |b Văn hoá thông tin  |c 1999 
OWN |a LTT 
999 |a From the UDN01 
TYP |a Monograph 
TYP |a Printed language 
980 |a Mạng thư viện Đại học Đà Nẵng